000 00809nam a22002177a 4500
999 _c7695
_d7695
003 AR-CdUCM
008 190321b ||||| |||| 00| 0 spa d
040 _aMUNICIPALIDAD PROVINCIAL DEL CUSCO
_cBIBLIOTECA MUNICIPAL DEL CUSCO
082 _a985.008 /
_bD85AP
245 _aDocumental del Perú :
_bdepartamento de Apurimac /
260 _aLima :
_bIOOPE,
_c1968.
300 _a158 páginas ;
_bImagenes, mapas, cuadros.
_c21 cm.
500 _aDonación familia Nieto.
505 _aContenido: Epoca preincaica -- Los chancas -- Tierra de campesinos -- Sangre y libertad -- Apurimac en cifras -- Ganaderia ...
650 _aHistoria de Apurimac
_96811
650 _aCultura
_9126
650 _aProduccion
_91785
700 _aCortazar, Pedro Felipe (director)
_917387
942 _2ddc
_cLIBROS
945 _aafb